000 00311nam a22001337a 4500
008 181022b xxu||||| |||| 00| 0 eng d
020 _a9780130186621
041 _aeng
080 _24th
_a070
100 _a40
101 _aMED
245 _aFlash-Back a brief history of film
_cGiannetti,L
942 _2udc
_cBK
999 _c50451
_d50451